[Event "Ïåðâåíñòâî Ìîñêâû ïî øàõìàòàì"]
[Site "Ìîñêâà, ÌÃÈÌÎ ïð. Âåðíàäñêîãî,"]
[Date "2018.11.19"]
[Round "3.8"]
[White "Zav'yalov, Nikita"]
[Black "Ignatyuk, Nikita"]
[Result "1-0"]
[WhiteElo "2111"]
[BlackElo "1633"]
[PlyCount "93"]
[EventDate "2018.11.18"]

1. e4 c6 2. d4 d5 3. e5 Bf5 4. Nf3 e6 5. Be2 c5 6. c3 Qc7 7. Be3 a6 8. Nbd2 Nd7
9. Nb3 c4 10. Nbd2 Ne7 11. b3 b5 12. a4 Rb8 13. axb5 axb5 14. b4 Nc6 15. Nh4
Bg6 16. O-O Be7 17. Nxg6 hxg6 18. f4 Nb6 19. g4 Kd7 20. f5 Rbf8 21. fxg6 fxg6
22. Qc2 Na4 23. Nf3 Qd8 24. Bd1 Qe8 25. Qc1 Nb6 26. Bc2 Rh3 27. Kg2 Rfh8 28.
Qb1 g5 29. Bg6 Qg8 30. Bxg5 Rxf3 31. Rxf3 Bxg5 32. Rf7+ Be7 33. Ra6 Na4 34. Qc1
Qc8 35. Rxc6 Qxc6 36. Qg5 Re8 37. Rxg7 Qc8 38. Bxe8+ Qxe8 39. Qh6 Qf8 40. Qf6
Qe8 41. Qf3 Qh8 42. Qf7 Qe8 43. g5 Qxf7 44. Rxf7 Ke8 45. g6 Nxc3 46. Rf3 Bf8
47. Rxc3 1-0

[Event "Ïåðâåíñòâî Ìîñêâû ïî øàõìàòàì"]
[Site "Ìîñêâà, ÌÃÈÌÎ ïð. Âåðíàäñêîãî,"]
[Date "2018.11.19"]
[Round "3.9"]
[White "Pavlov, Danila"]
[Black "Baranovskyi, Daniil"]
[Result "1-0"]
[WhiteElo "2330"]
[BlackElo "1754"]
[PlyCount "43"]
[EventDate "2018.11.18"]

1. e4 d5 2. exd5 Qxd5 3. Nc3 Qa5 4. d4 Nf6 5. Nf3 Nc6 6. Bb5 Bg4 7. h3 Bd7 8.
Bd2 O-O-O 9. Qe2 Nb4 10. O-O c6 11. Bc4 e6 12. a3 Nxc2 13. Rac1 Qf5 14. Bd3
Nxd4 15. Nxd4 Qc5 16. Be3 Qe5 17. f4 Qb8 18. Ncb5 a6 19. Nc3 Qa8 20. Na4 Kb8
21. Nb6 Qa7 22. Nxd7+ 1-0

[Event "Ïåðâåíñòâî Ìîñêâû ïî øàõìàòàì"]
[Site "Ìîñêâà, ÌÃÈÌÎ ïð. Âåðíàäñêîãî,"]
[Date "2018.11.19"]
[Round "3.10"]
[White "Ponomarenko, Anton"]
[Black "Bregman, Il'ya"]
[Result "0-1"]
[WhiteElo "1704"]
[BlackElo "1918"]
[PlyCount "82"]
[EventDate "2018.11.18"]

1. d4 Nf6 2. c4 c5 3. d5 e6 4. g3 exd5 5. cxd5 d6 6. Nc3 g6 7. Bg2 Bg7 8. Nf3
O-O 9. O-O Re8 10. Nd2 Nbd7 11. a4 b6 12. Re1 a6 13. h3 Rb8 14. e4 b5 15. a5
Qc7 16. Qc2 c4 17. Na2 Nxd5 18. Nf3 N5f6 19. Bf4 Ne5 20. Rad1 Qxa5 21. Nc3 Nd3
22. Bxd6 Nxe1 23. Rxe1 Ra8 24. e5 Bf5 25. Qc1 Nd7 26. Nd4 Rac8 27. Nc6 Rxc6 28.
Bxc6 Bxh3 29. Qf4 Be6 30. Re3 Qb6 31. Bxd7 Bxd7 32. Nd5 Qd8 33. Nc7 Be6 34.
Nxe8 Qxe8 35. Ra3 Qc6 36. Qh4 h5 37. Qd8+ Kh7 38. f4 Qe4 39. Rxa6 Qe1+ 40. Kh2
Qf2+ 41. Kh1 Bd5# 0-1

[Event "Ïåðâåíñòâî Ìîñêâû ïî øàõìàòàì"]
[Site "Ìîñêâà, ÌÃÈÌÎ ïð. Âåðíàäñêîãî,"]
[Date "2018.11.20"]
[Round "4.1"]
[White "Yeritsyan, Aram"]
[Black "German, Nikita"]
[Result "1-0"]
[WhiteElo "2354"]
[BlackElo "2179"]
[PlyCount "69"]
[EventDate "2018.11.18"]

1. e4 c5 2. Nf3 e6 3. d4 cxd4 4. Nxd4 a6 5. c4 Nf6 6. Nc3 Qc7 7. Be2 b6 8. Be3
Bb7 9. f3 d6 10. Qd2 Nbd7 11. O-O Be7 12. Rfc1 Rc8 13. a4 Qb8 14. a5 bxa5 15.
Rxa5 Bd8 16. Raa1 Bc7 17. Kh1 O-O 18. b4 Rfd8 19. Na4 Ba8 20. Rab1 Nb6 21. Nxb6
Bxb6 22. c5 e5 23. cxb6 exd4 24. Qxd4 Bb7 25. Bg5 Rxc1+ 26. Rxc1 Rc8 27. Rxc8+
Bxc8 28. Bxf6 gxf6 29. Bc4 Kg7 30. Bd5 Bd7 31. h4 Qc8 32. Qc4 Qe8 33. Qc7 Qe7
34. b7 f5 35. Qc3+ 1-0

[Event "Ïåðâåíñòâî Ìîñêâû ïî øàõìàòàì"]
[Site "Ìîñêâà, ÌÃÈÌÎ ïð. Âåðíàäñêîãî,"]
[Date "2018.11.20"]
[Round "4.2"]
[White "Dudin, Gleb"]
[Black "Zaozerskih, Sergey"]
[Result "1-0"]
[WhiteElo "2207"]
[BlackElo "1909"]
[PlyCount "121"]
[EventDate "2018.11.18"]

1. d4 Nf6 2. Nf3 g6 3. Bg5 Bg7 4. c3 d5 5. Nbd2 O-O 6. e3 Nbd7 7. Be2 Re8 8.
O-O c6 9. h3 Qb6 10. Qb3 e5 11. Rfc1 exd4 12. cxd4 Qxb3 13. Nxb3 Ne4 14. Bf4
Nf8 15. Bh2 f6 16. Ne1 Bh6 17. Nd3 Kf7 18. Na5 Re7 19. Rc2 Bf5 20. g4 Be6 21.
Rac1 Rd8 22. b4 Nd6 23. a4 a6 24. Nc5 Bc8 25. Bxa6 bxa6 26. Nxc6 Rdd7 27. Nxd7
Rxd7 28. Nb8 Nc4 29. Rxc4 dxc4 30. Rxc4 Rd8 31. b5 axb5 32. axb5 Ne6 33. b6 Bb7
34. Nc6 Rd7 35. Nb8 Rd8 36. Nc6 Rd7 37. Nb8 Rd8 38. Nc6 Rd7 39. Nb8 Rd8 40. Nc6
Rd7 41. Bc7 Ng5 42. f4 Nf3+ 43. Kf2 Nd2 44. Rc1 Nb3 45. Rc3 Nd2 46. Ke2 Ne4 47.
Rc1 Ba6+ 48. Kf3 Nd2+ 49. Kg3 g5 50. Nb8 gxf4+ 51. Bxf4 Bxf4+ 52. Kxf4 Rb7 53.
Nxa6 Rxb6 54. Nc5 Kg6 55. Rc2 Nb1 56. h4 Na3 57. Rc3 Nb5 58. h5+ Kh6 59. Rb3 f5
60. gxf5 Rb8 61. e4 1-0

[Event "Ïåðâåíñòâî Ìîñêâû ïî øàõìàòàì"]
[Site "Ìîñêâà, ÌÃÈÌÎ ïð. Âåðíàäñêîãî,"]
[Date "2018.11.20"]
[Round "4.3"]
[White "Zaika, Daniil"]
[Black "Voinikonis, Nikita"]
[Result "1/2-1/2"]
[WhiteElo "2191"]
[BlackElo "2164"]
[PlyCount "64"]
[EventDate "2018.11.18"]

1. d4 Nf6 2. c4 g6 3. g3 Bg7 4. Bg2 d5 5. cxd5 Nxd5 6. Nf3 O-O 7. O-O Nb6 8.
Nc3 Nc6 9. e3 e5 10. d5 Na5 11. e4 c6 12. Be3 cxd5 13. Bxb6 axb6 14. Qxd5 Be6
15. Qxd8 Rfxd8 16. Ng5 Bc4 17. Rfd1 h6 18. Nf3 Nc6 19. Nd2 Be6 20. Nd5 Bf8 21.
a4 Bc5 22. Nc4 Bd4 23. Bf1 Bxd5 24. exd5 Ne7 25. Bg2 Rac8 26. d6 Rxc4 27. dxe7
Re8 28. Rdc1 Rxc1+ 29. Rxc1 Rxe7 30. Rc8+ Kg7 31. b3 Bc5 32. Rd8 Rc7 {çàïèñü
íå ÿñíà} 1/2-1/2

[Event "Ïåðâåíñòâî Ìîñêâû ïî øàõìàòàì"]
[Site "Ìîñêâà, ÌÃÈÌÎ ïð. Âåðíàäñêîãî,"]
[Date "2018.11.20"]
[Round "4.4"]
[White "Vetokhin, Ilia"]
[Black "Antonian, Grant"]
[Result "1-0"]
[WhiteElo "2082"]
[BlackElo "1967"]
[PlyCount "53"]
[EventDate "2018.11.18"]

1. d4 d5 2. c4 e6 3. Nc3 Be7 4. cxd5 exd5 5. Bf4 c6 6. e3 Nf6 7. Bd3 Bg4 8. f3
Bh5 9. Nge2 Bg6 10. O-O O-O 11. Bxg6 hxg6 12. e4 dxe4 13. fxe4 Na6 14. a3 Re8
15. Qb3 Qb6 16. Qc4 Nc7 17. Bxc7 Qxc7 18. e5 b5 19. Qb3 Nd5 20. Nxd5 cxd5 21.
Qxd5 Qc4 22. Qf3 f6 23. Rac1 Qa2 24. d5 Rf8 25. e6 Qxb2 26. Nf4 Qxa3 27. Rc3
1-0

[Event "Ïåðâåíñòâî Ìîñêâû ïî øàõìàòàì"]
[Site "Ìîñêâà, ÌÃÈÌÎ ïð. Âåðíàäñêîãî,"]
[Date "2018.11.20"]
[Round "4.5"]
[White "Girshgorn, Leonid"]
[Black "Yarikov, Artem"]
[Result "1-0"]
[WhiteElo "2019"]
[BlackElo "1728"]
[PlyCount "57"]
[EventDate "2018.11.18"]

1. d4 d5 2. c4 c6 3. Nc3 Nf6 4. Nf3 e6 5. cxd5 exd5 6. Qc2 Bd6 7. Bg5 O-O 8. e3
Re8 9. Bd3 h6 10. Bh4 Bg4 11. Nd2 Nbd7 12. h3 Be6 13. f4 Qc7 14. O-O-O Nb6 15.
Nf3 Nc4 16. Bxc4 dxc4 17. f5 Bd7 18. e4 Bb4 19. Ne5 b5 20. Rde1 a5 21. Re3 a4
22. Qd2 a3 23. Bxf6 axb2+ 24. Kb1 Bxc3 25. Rg3 Rxa2 26. Rxg7+ Kf8 27. Rxf7+ Kg8
28. Rg7+ Kf8 29. Ng6# 1-0

[Event "Ïåðâåíñòâî Ìîñêâû ïî øàõìàòàì"]
[Site "Ìîñêâà, ÌÃÈÌÎ ïð. Âåðíàäñêîãî,"]
[Date "2018.11.20"]
[Round "4.6"]
[White "Fedorov, Nikita"]
[Black "Tverdokhleb, Aleksandr"]
[Result "0-1"]
[WhiteElo "1958"]
[BlackElo "1941"]
[PlyCount "100"]
[EventDate "2018.11.18"]

1. e4 e6 2. d4 d5 3. Nc3 dxe4 4. Nxe4 Nf6 5. Nxf6+ Qxf6 6. Nf3 h6 7. Bd3 Bd6 8.
Qe2 Bd7 9. O-O Bc6 10. Ne5 Bxe5 11. dxe5 Qh4 12. a4 O-O 13. b4 a6 14. b5 axb5
15. Bxb5 Rd8 16. Rb1 Qe4 17. Qxe4 Bxe4 18. Be3 Bxc2 19. Rbc1 Bxa4 20. Bxa4 Rxa4
21. Rxc7 Nc6 22. Rxb7 Nxe5 23. h3 Nc4 24. Re1 Ra2 25. Rc7 Nxe3 26. Rxe3 Rd1+
27. Kh2 Rxf2 28. Rf3 Rxf3 29. gxf3 Rd5 30. Kg2 Rf5 31. Kg3 g5 32. Rb7 Kg7 33.
Rc7 Rf4 34. Rb7 Kf6 35. Ra7 e5 36. Ra6+ Kg7 37. Ra5 e4 38. fxe4 Rxe4 39. Ra7
Kg6 40. Ra6+ Re6 41. Ra8 Re3+ 42. Kg2 f5 43. Ra6+ Kg7 44. Ra7+ Kf6 45. Rh7 Kg6
46. Rh8 f4 47. Rf8 Re6 48. Kf2 Kh5 49. Rh8 Kh4 50. Kg2 Rf6 0-1

[Event "Ïåðâåíñòâî Ìîñêâû ïî øàõìàòàì"]
[Site "Ìîñêâà, ÌÃÈÌÎ ïð. Âåðíàäñêîãî,"]
[Date "2018.11.20"]
[Round "4.7"]
[White "Afanasieva, Alexandra"]
[Black "Zavialov, Nikita A"]
[Result "1/2-1/2"]
[WhiteElo "2095"]
[BlackElo "2111"]
[PlyCount "85"]
[EventDate "2018.11.18"]

1. e4 c5 2. Nf3 Nc6 3. Bb5 g6 4. Bxc6 bxc6 5. O-O Bg7 6. Re1 e5 7. c3 Ne7 8. d4
cxd4 9. cxd4 exd4 10. Nxd4 Qc7 11. Nc3 O-O 12. Be3 d5 13. Rc1 dxe4 14. Nxe4 Rd8
15. Qa4 Bf5 16. Nxf5 gxf5 17. Ng5 Nd5 18. Rxc6 Qd7 19. Qc4 h6 20. Nf3 Nxe3 21.
fxe3 Rac8 22. Rxc8 Rxc8 23. Qe2 Qb7 24. b3 Rc3 25. Qf2 Qc6 26. Nh4 Rc2 27. Qxf5
Rxa2 28. Qg4 Qc3 29. Qg3 Ra1 30. Rxa1 Qxa1+ 31. Kf2 Qb2+ 32. Kf3 Qxb3 33. Qd6
Qb5 34. Qd8+ Kh7 35. Qe7 Qd5+ 36. Qe4+ Qxe4+ 37. Kxe4 a5 38. Kd3 a4 39. Kc4 Bf8
40. Nf3 Kg6 41. Ne5+ Kf5 42. Nxf7 Ke4 43. Nxh6 1/2-1/2

[Event "Ïåðâåíñòâî Ìîñêâû ïî øàõìàòàì"]
[Site "Ìîñêâà, ÌÃÈÌÎ ïð. Âåðíàäñêîãî,"]
[Date "2018.11.20"]
[Round "4.8"]
[White "Rysaev, Danial"]
[Black "Pavlov, Danila"]
[Result "0-1"]
[WhiteElo "1966"]
[BlackElo "2330"]
[PlyCount "28"]
[EventDate "2018.11.18"]

1. d4 Nf6 2. c4 e5 3. dxe5 Ng4 4. e3 Nxe5 5. Nh3 d5 6. Qxd5 Qf6 7. Nf4 c6 8.
Qd4 Na6 9. Nh5 Qe7 10. Bd2 Bg4 11. Be2 Rd8 12. Qc3 Bxh5 13. Bxh5 Nd3+ 14. Kf1
Qh4 0-1

[Event "Ïåðâåíñòâî Ìîñêâû ïî øàõìàòàì"]
[Site "Ìîñêâà, ÌÃÈÌÎ ïð. Âåðíàäñêîãî,"]
[Date "2018.11.20"]
[Round "4.9"]
[White "Ignatiuk, Nikita"]
[Black "Bregman, Ilya"]
[Result "1/2-1/2"]
[WhiteElo "1633"]
[BlackElo "1918"]
[PlyCount "109"]
[EventDate "2018.11.18"]

1. d4 Nf6 2. Bf4 d6 3. e3 g6 4. h3 Bg7 5. Nf3 O-O 6. Bc4 c5 7. c3 Nc6 8. O-O
Bf5 9. Nbd2 Re8 10. dxc5 e5 11. Bh2 dxc5 12. Nb3 Qe7 13. Qe2 Nd7 14. e4 Be6 15.
Bxe6 Qxe6 16. Nfd2 b6 17. Nc4 b5 18. Ne3 c4 19. Nd2 Nb6 20. Rfd1 Rad8 21. Ndf1
f5 22. Nc2 f4 23. Ne1 Na5 24. f3 Nb7 25. Kh1 Bf8 26. Bg1 Bc5 27. Nh2 Bxg1 28.
Kxg1 h5 29. Qf2 Kf7 30. Nf1 Qe7 31. Kh2 Qc5 32. Qh4 Qe7 33. Qf2 h4 34. Kh1 Rxd1
35. Rxd1 Rd8 36. Qe2 Nc5 37. Nh2 Rxd1 38. Qxd1 Qd7 39. Qe2 Nd3 40. Ng4 Ke6 41.
Nf2 Nxe1 42. Qxe1 g5 43. Kg1 Qd6 44. Qc1 Qc5 45. Kf1 Na4 46. Qd2 Qd6 47. Qc2 a5
48. Ke2 Qc5 49. Qd2 Qe3+ 50. Qxe3 fxe3 51. Nd1 Nc5 52. Kxe3 Nd3 53. a3 Kd6 54.
Kd2 Ke6 55. Ke3 1/2-1/2

[Event "Ïåðâåíñòâî Ìîñêâû ïî øàõìàòàì"]
[Site "Ìîñêâà, ÌÃÈÌÎ ïð. Âåðíàäñêîãî,"]
[Date "2018.11.21"]
[Round "5.1"]
[White "Dudin, Gleb"]
[Black "Yeritsyan, Aram"]
[Result "1/2-1/2"]
[WhiteElo "2207"]
[BlackElo "2354"]
[PlyCount "102"]
[EventDate "2018.11.18"]

1. d4 Nf6 2. c4 e6 3. Nf3 Bb4+ 4. Nbd2 a5 5. a3 Bxd2+ 6. Qxd2 b6 7. b3 Bb7 8.
Bb2 d6 9. e3 Nbd7 10. Be2 O-O 11. O-O Ne4 12. Qc2 f5 13. d5 e5 14. Nd2 Nxd2 15.
Qxd2 Nc5 16. Qc2 Qe8 17. Bc3 Qg6 18. f3 Qh6 19. Bd2 a4 20. b4 Nb3 21. Rad1 Bc8
22. f4 Nxd2 23. Qxd2 Re8 24. c5 bxc5 25. Bb5 Re7 26. bxc5 exf4 27. exf4 Ba6 28.
Bxa6 Rxa6 29. Rfe1 Rxe1+ 30. Rxe1 dxc5 31. Qe3 Ra8 32. Rc1 Rb8 33. Qxc5 Qxf4
34. Qxc7 Qe3+ 35. Kh1 Re8 36. h3 f4 37. Rf1 Rf8 38. Rf3 Qd4 39. d6 g5 40. Qe7
Qf6 41. Qxf6 Rxf6 42. Rd3 Rf8 43. h4 gxh4 44. d7 Rd8 45. Rd4 Kg7 46. Kh2 Kg6
47. Rxf4 Rxd7 48. Rxa4 Rd3 49. Ra8 h5 50. a4 Ra3 51. a5 Kg7 1/2-1/2

[Event "Ïåðâåíñòâî Ìîñêâû ïî øàõìàòàì"]
[Site "Ìîñêâà, ÌÃÈÌÎ ïð. Âåðíàäñêîãî,"]
[Date "2018.11.21"]
[Round "5.2"]
[White "Tverdokhleb, Aleksandr"]
[Black "Zaika, Daniil"]
[Result "0-1"]
[WhiteElo "1941"]
[BlackElo "2191"]
[PlyCount "76"]
[EventDate "2018.11.18"]

1. e4 c5 2. Nf3 d6 3. Bb5+ Bd7 4. Bxd7+ Qxd7 5. O-O Nf6 6. Qe2 Nc6 7. c3 e6 8.
d4 cxd4 9. cxd4 d5 10. e5 Ng8 11. Nbd2 h5 12. Nb3 O-O-O 13. Bd2 Nh6 14. Rfc1
Kb8 15. Nc5 Bxc5 16. Rxc5 Nf5 17. Qd3 Rc8 18. Rac1 b6 19. R5c2 Kb7 20. b4 a6
21. a4 Na7 22. Qb3 Rxc2 23. Rxc2 Rc8 24. Kf1 Rc4 25. Be3 Qc6 26. Ne1 Rxc2 27.
Nxc2 Qc4+ 28. Qxc4 dxc4 29. h3 h4 30. Ke2 b5 31. a5 Nc6 32. Kf3 Nfe7 33. Ke4
Nd5 34. Bd2 c3 35. Bc1 Ndxb4 36. Nxb4 Nxb4 37. Be3 Nd5 38. Bc1 b4 0-1

[Event "Ïåðâåíñòâî Ìîñêâû ïî øàõìàòàì"]
[Site "Ìîñêâà, ÌÃÈÌÎ ïð. Âåðíàäñêîãî,"]
[Date "2018.11.21"]
[Round "5.3"]
[White "German, Nikita"]
[Black "Vetokhin, Ilia"]
[Result "1-0"]
[WhiteElo "2179"]
[BlackElo "2082"]
[PlyCount "77"]
[EventDate "2018.11.18"]

1. e4 c5 2. Nf3 Nc6 3. d4 cxd4 4. Nxd4 Nf6 5. Nc3 d6 6. Bg5 e6 7. Qd2 a6 8.
O-O-O Bd7 9. f4 Be7 10. Nf3 b5 11. Bxf6 gxf6 12. Kb1 Qb6 13. f5 O-O-O 14. Bd3
Kb8 15. Ne2 Ne5 16. Nf4 Rc8 17. Rhe1 Rc7 18. Bf1 Nc4 19. Qe2 Rhc8 20. Nd4 b4
21. Qf3 Ba4 22. fxe6 fxe6 23. Bxc4 Rxc4 24. Nfxe6 Bxc2+ 25. Nxc2 Rxc2 26. Nd4
R2c7 27. Nf5 Bf8 28. Ne3 Qc5 29. Qf5 Bh6 30. Qxc5 Rxc5 31. Nd5 Rc2 32. Nxb4
Rxg2 33. Rxd6 Rxh2 34. Red1 Re2 35. Rb6+ Kc7 36. Nd5+ Kd8 37. Nc3+ Rd2 38.
Rxd2+ Bxd2 39. Rd6+ 1-0

[Event "Ïåðâåíñòâî Ìîñêâû ïî øàõìàòàì"]
[Site "Ìîñêâà, ÌÃÈÌÎ ïð. Âåðíàäñêîãî,"]
[Date "2018.11.21"]
[Round "5.4"]
[White "Voinikonis, Nikita"]
[Black "Girshgorn, Leonid"]
[Result "1-0"]
[WhiteElo "2164"]
[BlackElo "2019"]
[PlyCount "139"]
[EventDate "2018.11.18"]

1. Nf3 Nf6 2. g3 c6 3. Bg2 d5 4. O-O Bg4 5. b3 Nbd7 6. Bb2 e6 7. c4 Be7 8. d4
O-O 9. Nbd2 a5 10. a3 Bxf3 11. Bxf3 b5 12. cxd5 cxd5 13. Rc1 Rc8 14. e3 Qb6 15.
Be2 a4 16. Bd3 b4 17. axb4 Qxb4 18. Ra1 axb3 19. Ba3 b2 20. Bxb4 bxa1=Q 21.
Qxa1 Bxb4 22. Nf3 Ra8 23. Qb2 Rfb8 24. Ra1 Bf8 25. Qc1 Rc8 26. Qd1 Rxa1 27.
Qxa1 Bd6 28. Kg2 Bb8 29. h3 g6 30. Qa6 Rc7 31. Bb5 Kg7 32. g4 h6 33. h4 Nxg4
34. Bxd7 Rc2 35. Ne5 Nxe3+ 36. Kf3 Nf5 37. Nxf7 Nxd4+ 38. Ke3 Nf5+ 39. Kd3 Rxf2
40. Nd8 Rf3+ 41. Ke2 Nd4+ 42. Kd1 Bg3 43. Nxe6+ Nxe6 44. Bxe6 Bxh4 45. Qb7+ Kf8
46. Qc8+ Ke7 47. Qd7+ Kf8 48. Qd6+ Kg7 49. Qe5+ Kf8 50. Qxd5 Rf1+ 51. Ke2 Rf2+
52. Ke3 h5 53. Qd6+ Kg7 54. Bc4 Rf6 55. Qb8 Kh6 56. Ke4 Bf2 57. Bd5 h4 58. Kd3
Bg3 59. Qa8 Kg5 60. Qd8 Bf4 61. Ke2 Bg3 62. Bf3 h3 63. Qc8 Rf5 64. Qh8 Re5+ 65.
Kd3 Kf4 66. Qf6+ Rf5 67. Qxg6 Bh4 68. Qg4+ Ke5 69. Qd4+ Ke6 70. Bg4 1-0

[Event "Ïåðâåíñòâî Ìîñêâû ïî øàõìàòàì"]
[Site "Ìîñêâà, ÌÃÈÌÎ ïð. Âåðíàäñêîãî,"]
[Date "2018.11.21"]
[Round "5.5"]
[White "Zaozerskih, Sergey"]
[Black "Pavlov, Danila"]
[Result "0-1"]
[WhiteElo "1909"]
[BlackElo "2330"]
[PlyCount "69"]
[EventDate "2018.11.18"]

1. e4 e6 2. d4 d5 3. Nd2 Nf6 4. e5 Nfd7 5. Ngf3 c5 6. c3 Qb6 7. Bd3 Nc6 8. O-O
f5 9. Ng5 Ne7 10. Qa4 cxd4 11. cxd4 h6 12. Nh3 g5 13. Be2 Kf7 14. g4 f4 15. Nf3
Nc6 16. Bd2 Be7 17. Bc3 Qd8 18. Ne1 Nb6 19. Qc2 Bd7 20. Nd3 Rc8 21. Qd2 Nc4 22.
Qc1 Qb6 23. Ndxf4 gxf4 24. Bxc4 dxc4 25. Qxf4+ Kg7 26. d5 Rhf8 27. Qe4 Nb4 28.
Nf4 Rxf4 29. Qxf4 Nxd5 30. Qg3 Bc6 31. Rad1 Nxc3 32. bxc3 Rf8 33. Rb1 Qc5 34.
Qe3 Qd5 35. Qg3 0-1

[Event "Ïåðâåíñòâî Ìîñêâû ïî øàõìàòàì"]
[Site "Ìîñêâà, ÌÃÈÌÎ ïð. Âåðíàäñêîãî,"]
[Date "2018.11.21"]
[Round "5.6"]
[White "Zavialov, Nikita A"]
[Black "Antonian, Grant"]
[Result "1/2-1/2"]
[WhiteElo "2111"]
[BlackElo "1967"]
[PlyCount "80"]
[EventDate "2018.11.18"]

1. e4 e5 2. Nf3 Nc6 3. Bb5 a6 4. Ba4 Nf6 5. O-O b5 6. Bb3 Bc5 7. d3 d6 8. Be3
Bb6 9. Bxb6 cxb6 10. h3 O-O 11. a4 bxa4 12. Bxa4 Bb7 13. Bxc6 Bxc6 14. c4 b5
15. b3 bxc4 16. bxc4 Nd7 17. Nc3 Nc5 18. Qc2 f5 19. Rfd1 Qf6 20. Nd5 Bxd5 21.
exd5 e4 22. Ne1 Qd4 23. dxe4 Qxe4 24. Ra3 Rfc8 25. Re3 Qxc2 26. Nxc2 Re8 27.
Nd4 Rxe3 28. fxe3 g6 29. Ne6 Nxe6 30. dxe6 Kf8 31. Rxd6 Ke7 32. c5 a5 33. Rd1
Kxe6 34. c6 Rc8 35. Ra1 Rxc6 36. Rxa5 Kf6 37. Kf2 h5 38. h4 Rb6 39. Kf3 Rc6 40.
Rb5 Ra6 1/2-1/2

[Event "Ïåðâåíñòâî Ìîñêâû ïî øàõìàòàì"]
[Site "Ìîñêâà, ÌÃÈÌÎ ïð. Âåðíàäñêîãî,"]
[Date "2018.11.21"]
[Round "5.8"]
[White "Yarikov, Artem"]
[Black "Fedorov, Nikita"]
[Result "0-1"]
[WhiteElo "1728"]
[BlackElo "1958"]
[PlyCount "66"]
[EventDate "2018.11.18"]

1. e4 c5 2. Nf3 e6 3. d4 cxd4 4. Nxd4 a6 5. c4 Nf6 6. Bd3 Qc7 7. O-O Bc5 8. Be3
O-O 9. Nc3 d6 10. a3 Nbd7 11. f4 e5 12. Nc2 exf4 13. Rxf4 d5 14. Rf5 dxc4 15.
Bf1 Ne5 16. Rg5 Nfg4 17. Qe2 Bxe3+ 18. Nxe3 Nxe3 19. Qxe3 Ng4 20. Rxg4 Bxg4 21.
Nd5 Qe5 22. Bxc4 Be6 23. Rf1 Bxd5 24. Bxd5 Qxb2 25. h3 Rac8 26. Qg5 Rc7 27. Rf4
Qxa3 28. Qe5 Qe7 29. Qh5 Qd6 30. Rf1 b5 31. Rd1 Qf4 32. e5 Rc1 33. e6 Qd4+ 0-1

[Event "Ïåðâåíñòâî Ìîñêâû ïî øàõìàòàì"]
[Site "Ìîñêâà, ÌÃÈÌÎ ïð. Âåðíàäñêîãî,"]
[Date "2018.11.21"]
[Round "5.9"]
[White "Rysaev, Danial"]
[Black "Ponomarenko, Anton"]
[Result "1-0"]
[WhiteElo "1966"]
[BlackElo "1704"]
[PlyCount "73"]
[EventDate "2018.11.18"]

1. c4 Nf6 2. Nf3 c5 3. d4 cxd4 4. Nxd4 Nc6 5. Nc3 e5 6. Ndb5 d6 7. e4 a6 8. Na3
Be7 9. Nc2 O-O 10. Be2 Ne8 11. Be3 f5 12. exf5 Bxf5 13. Qd2 Nc7 14. Bf3 Be6 15.
Bb6 Qd7 16. c5 Rad8 17. Bd5 Bxd5 18. Nxd5 dxc5 19. Bxc7 Qxd5 20. Bxd8 Qxg2 21.
O-O-O Rxd8 22. Qc3 Rxd1+ 23. Rxd1 Qxf2 24. Qh3 Nd8 25. Kb1 Bf6 26. Qb3+ Kf8 27.
Ne3 Qf3 28. Qd3 e4 29. Qd6+ Be7 30. Qd2 Bg5 31. Re1 Ke7 32. Nd5+ Ke6 33. Nc7+
Kf5 34. Qd5+ Kg6 35. Rg1 Qd3+ 36. Qxd3 exd3 37. h4 1-0

[Event "Ïåðâåíñòâî Ìîñêâû ïî øàõìàòàì"]
[Site "Ìîñêâà, ÌÃÈÌÎ ïð. Âåðíàäñêîãî,"]
[Date "2018.11.22"]
[Round "6.1"]
[White "Yeritsyan, Aram"]
[Black "Voinikonis, Nikita"]
[Result "1-0"]
[WhiteElo "2354"]
[BlackElo "2164"]
[PlyCount "85"]
[EventDate "2018.11.18"]

1. e4 c5 2. Nf3 d6 3. d4 cxd4 4. Nxd4 Nf6 5. Nc3 a6 6. Bg5 Nc6 7. Qd2 e6 8.
O-O-O Bd7 9. f4 b5 10. Bxf6 gxf6 11. Nxc6 Bxc6 12. Qe3 Qa5 13. Kb1 Bb7 14. Bd3
O-O-O 15. f5 e5 16. Be2 Kb8 17. Nd5 Rc8 18. Bh5 Bxd5 19. Rxd5 Qc7 20. Rc1 Rg8
21. g3 Qb7 22. Qb3 Rc4 23. Be2 Rc5 24. Rcd1 Be7 25. Rxc5 dxc5 26. Qxf7 Rd8 27.
Qxh7 Rxd1+ 28. Bxd1 Qd7 29. Kc1 c4 30. Qg8+ Kc7 31. Qe6 Qxe6 32. fxe6 Bc5 33.
Bg4 Kd6 34. Kd2 Bd4 35. b3 cxb3 36. cxb3 Bg1 37. Ke2 Ke7 38. h4 Bc5 39. h5 Kf8
40. h6 Kg8 41. Bf5 Kf8 42. Kf3 Kg8 43. Kg4 1-0

[Event "Ïåðâåíñòâî Ìîñêâû ïî øàõìàòàì"]
[Site "Ìîñêâà, ÌÃÈÌÎ ïð. Âåðíàäñêîãî,"]
[Date "2018.11.22"]
[Round "6.2"]
[White "Zaika, Daniil"]
[Black "Dudin, Gleb"]
[Result "1-0"]
[WhiteElo "2191"]
[BlackElo "2207"]
[PlyCount "109"]
[EventDate "2018.11.18"]

1. d4 Nf6 2. c4 e6 3. Nf3 b6 4. Nc3 Bb7 5. a3 d5 6. Bg5 Be7 7. Qa4+ Bc6 8. Qb3
dxc4 9. Qxc4 O-O 10. Bxf6 Bxf6 11. e4 Bb7 12. Rd1 Nd7 13. Be2 g6 14. O-O a6 15.
e5 Bg7 16. Qd3 Qe7 17. Qe3 Rfd8 18. Rfe1 b5 19. Ne4 Nb6 20. Nc5 Bd5 21. Nd2 Qh4
22. g3 Qe7 23. Nde4 Bc6 24. Rc1 Bd5 25. Qf4 Kh8 26. Nf6 Bc4 27. Qh4 h6 28. Bf3
Bd5 29. Bxd5 Nxd5 30. Nb7 Rdb8 31. Nxd5 Qxh4 32. gxh4 Rxb7 33. Nxc7 Rd8 34. d5
exd5 35. Nxa6 Re7 36. f4 g5 37. hxg5 hxg5 38. Nb4 Re6 39. Nc6 Rc8 40. Nd4 Rxc1
41. Rxc1 Rb6 42. Rc5 b4 43. a4 gxf4 44. Rxd5 Rb8 45. Nc6 Rb6 46. Nd8 Kg8 47. a5
Ra6 48. b3 Bf8 49. Nb7 f6 50. exf6 Kf7 51. Rb5 Kxf6 52. Nc5 Rc6 53. Nd7+ Kf7
54. Nxf8 Kxf8 55. Rxb4 1-0

[Event "Ïåðâåíñòâî Ìîñêâû ïî øàõìàòàì"]
[Site "Ìîñêâà, ÌÃÈÌÎ ïð. Âåðíàäñêîãî,"]
[Date "2018.11.22"]
[Round "6.3"]
[White "Pavlov, Danila"]
[Black "German, Nikita"]
[Result "1-0"]
[WhiteElo "2330"]
[BlackElo "2179"]
[PlyCount "47"]
[EventDate "2018.11.18"]

1. e4 c5 2. Nf3 e6 3. d4 cxd4 4. Nxd4 a6 5. Nc3 Qc7 6. g3 b5 7. Bg2 Bb7 8. O-O
d6 9. a4 bxa4 10. Re1 Be7 11. Rxa4 Nd7 12. Qe2 Rc8 13. Rb4 Nb6 14. Rb3 Nf6 15.
e5 dxe5 16. Bxb7 Qxb7 17. Qxe5 Rc5 18. Qe2 Nfd7 19. Bf4 O-O 20. Na4 Bf6 21.
Nxe6 Re8 22. Naxc5 Nxc5 23. Nxc5 Rxe2 24. Rxe2 1-0

[Event "Ïåðâåíñòâî Ìîñêâû ïî øàõìàòàì"]
[Site "Ìîñêâà, ÌÃÈÌÎ ïð. Âåðíàäñêîãî,"]
[Date "2018.11.22"]
[Round "6.4"]
[White "Vetokhin, Ilia"]
[Black "Tverdokhleb, Aleksandr"]
[Result "1-0"]
[WhiteElo "2082"]
[BlackElo "1941"]
[PlyCount "53"]
[EventDate "2018.11.18"]

1. d4 d5 2. c4 dxc4 3. e3 e5 4. Bxc4 exd4 5. exd4 Nf6 6. Qb3 Qe7+ 7. Ne2 Qb4+
8. Nbc3 Qxb3 9. Bxb3 Bf5 10. Bf4 Bd6 11. Bxd6 cxd6 12. Nb5 Kd7 13. Bxf7 Bd3 14.
Nbc3 Rf8 15. Bb3 Nc6 16. f3 g5 17. Kd2 Ba6 18. Ba4 b5 19. Nxb5 Rab8 20. Nec3
Nd5 21. Nxa7 Rxb2+ 22. Kc1 Nxc3 23. Bxc6+ Ke7 24. Kxb2 Ne2 25. Bb5 Rb8 26. a4
Nxd4 27. Rac1 1-0

[Event "Ïåðâåíñòâî Ìîñêâû ïî øàõìàòàì"]
[Site "Ìîñêâà, ÌÃÈÌÎ ïð. Âåðíàäñêîãî,"]
[Date "2018.11.22"]
[Round "6.5"]
[White "Fedorov, Nikita"]
[Black "Zavialov, Nikita A"]
[Result "0-1"]
[WhiteElo "1958"]
[BlackElo "2111"]
[PlyCount "54"]
[EventDate "2018.11.18"]

1. e4 c5 2. Nf3 Nc6 3. Bb5 g6 4. Bxc6 bxc6 5. O-O Bg7 6. Re1 Nf6 7. d3 O-O 8.
h3 Re8 9. Nc3 e5 10. Be3 d6 11. Qd2 a5 12. b3 Nh5 13. Bg5 f6 14. Bh6 Bh8 15.
Na4 Ra7 16. c3 g5 17. d4 cxd4 18. cxd4 Bg7 19. Bxg7 Rxg7 20. dxe5 fxe5 21. Nh2
g4 22. Nxg4 Bxg4 23. hxg4 Rxg4 24. Nc3 Nf4 25. g3 Qh4 26. Nd1 Qh3 27. Ne3 Re6
0-1

[Event "Ïåðâåíñòâî Ìîñêâû ïî øàõìàòàì"]
[Site "Ìîñêâà, ÌÃÈÌÎ ïð. Âåðíàäñêîãî,"]
[Date "2018.11.22"]
[Round "6.6"]
[White "Girshgorn, Leonid"]
[Black "Zaozerskih, Sergey"]
[Result "1-0"]
[WhiteElo "2019"]
[BlackElo "1909"]
[PlyCount "85"]
[EventDate "2018.11.18"]

1. d4 Nf6 2. Bf4 d5 3. e3 g6 4. Nc3 Bg7 5. Nf3 O-O 6. h4 h5 7. Be2 a6 8. Ne5
Nbd7 9. Bf3 c6 10. Qd3 Nxe5 11. Bxe5 Bf5 12. Qe2 Ne4 13. Bxe4 dxe4 14. Bxg7
Kxg7 15. O-O-O Qc7 16. f3 exf3 17. gxf3 e5 18. Qh2 Rae8 19. e4 Bc8 20. Rhg1 Qb6
21. dxe5 Qe3+ 22. Kb1 Rd8 23. Qg3 Be6 24. Rd6 Rfe8 25. Rgd1 Rxd6 26. exd6 Bd7
27. Re1 Qd2 28. Rd1 Qe3 29. Rd3 Qc5 30. f4 Bg4 31. e5 Bf5 32. Rd2 b5 33. Qg5
Qa7 34. a3 a5 35. Ne4 Qe3 36. d7 Qe1+ 37. Ka2 Be6+ 38. b3 Bxd7 39. Qf6+ Kh6 40.
Qxf7 Qxe4 41. Qxd7 Rf8 42. e6 Qxf4 43. e7 1-0